Československé listy

Podrobná bibliografia
Médium: Časopis
Jazyk:čeština
Vydavateľské údaje: Moskva [s. n.] 1943-?1945
Predmet:

MARC

LEADER 00000cas a2200000 a 4500
001 vtls001479623
003 SK-MaSNL
005 20260228161252.0
008 040802d19431945ru zu|p r 0 0b0cze
035 |a SNK000434921 
040 |a SNK  |b slo  |c SNK  |e AACR2 
041 0 |a cze 
044 |a ru  |c RU 
080 |a 050  |2 2001 
245 0 0 |a Československé listy 
260 |a Moskva  |b [s. n.]  |c 1943-?1945 
310 |a Periodicita nie je známa 
362 0 |a 1943-?1945 
650 0 7 |a politika  |2 SNKPH  |9 968 
850 |a Slovenská národná knižnica v Martine 
910 |a snk 
999 |c 4864  |d 6794 
952 |0 0  |1 0  |4 0  |7 0  |8 3  |a SNK  |b SNK  |d 2004-08-02  |i snkK 2672/93  |l 0  |o snkČSA 549/3/1945  |p 17A0436476  |r 2005-01-02 00:00:00  |t č. 1-5  |w 2026-02-21  |y PREZ